000 00610nam a2200217Ia 4500
003 OSt
005 20220923211625.0
006 a|||||r|||| 00| 0
007 ta
008 Pun
024 _a17,644
037 _cTextual
040 _aARTS
_cARTS
_bPun
041 _2Pun
_aPun
082 _aR12, 153K8
100 _aਹਰਨਾਮ ਸਿੰਘ; ਵਗ਼ੀਰ ਸਿੰਘ
245 0 _aਤਰਕ - ਗਿਆਨ ਦੇ ਮੱੁਢਲੇ ਨੇਮ
260 _c1968
942 _hR12, 153K8
_cTEXL
_2CC
999 _c301617
_d301617